[Event "28th WSCC Open 50 2018"]
[Site "Bled"]
[Date "2018.11.23"]
[Round "6"]
[White "Galvan Sarmiento, Jose Luis"]
[Black "Plotkin, Victor"]
[Result "0-1"]
[WhiteElo "1868"]
[BlackElo "2307"]
[Annotator "TA"]
[PlyCount "102"]
[EventDate "2018.11.17"]
[EventType "swiss"]
[EventCountry "SLO"]
[SourceTitle "playchess.com"]
[Source "ChessBase"]
[SourceQuality "1"]

{[%evp 11,102,8,14,10,25,18,20,0,3,0,0,0,4,17,20,25,16,27,34,4,31,35,48,40,45,0,31,11,28,7,27,22,47,22,37,36,80,0,89,45,100,54,101,78,75,53,93,47,50,41,58,-20,-27,-32,-31,-83,-86,-84,-60,-95,-59,-85,-71,-204,-152,-177,-133,-225,-218,-214,-207,-207,-214,-428,-408,-500,-500,-590,-590,-583,-574,-494,-522,-29974,-29975,-29975,-29974,-29982,-29983,-29982,-29983,-29984,-29985]} 1. d4 Nf6 2. Bf4 e6 3. e3 b6 4. Nd2 Bb7 5. Ngf3 Be7 6. h3 d6 7. c3 {A47: 1 d4 Nf6 2 Nf3 b6: Torre, London and Colle Systems} Nbd7 8. Bd3 (8. Bh2 O-O 9. Bd3 Re8 10. O-O Bf8 11. e4 e5 {1-0 (34) Alekseev,E (2622)-Rozum,I (2586) Sochi 2017}) 8... O-O 9. Qe2 {The position is equal.} Re8 10. Bh2 Bf8 11. O-O e5 {Strongly threatening ...e4.} 12. dxe5 Nxe5 13. Nxe5 dxe5 14. Rfd1 Qe7 $146 ({Predecessor:} 14... Bd6 15. Bb5 Rf8 16. Nc4 Qe7 17. Nxd6 cxd6 {½-½ (26) Pantazis,K (1665)-Strigos,P Kalamata 2010}) 15. Bc2 g6 16. Nf3 Nd7 17. Ba4 c6 18. Rd2 Bg7 19. Rad1 Nc5 {aiming for ...Ba6.} 20. Bc2 Ba6 21. c4 f5 22. a3 Qf7 23. b3 Re7 24. Rd6 (24. Ng5 $16 Qe8 25. b4) 24... Bf6 (24... Nb7 $11 {keeps the balance.}) 25. Qe1 Bb7 (25... Re6 $14) 26. Bg3 Rae8 27. Rxf6 {[%mdl 64] [#] Remove Defender} Qxf6 28. Bh4 Qe6 29. Bxe7 Qxe7 30. Qd2 e4 31. Ne1 (31. Nd4 $14) 31... Ne6 $11 32. Qd7 Kf8 33. b4 ({Better is} 33. f3 $15) 33... Rd8 $36 {[%mdl 2048] Black has strong initiative.} 34. Qxe7+ Kxe7 35. Rxd8 Kxd8 {[%mdl 4096] Endgame KBN-KBN} (35... Nxd8 {with more complications.} 36. Ba4 c5 37. Kf1 Nf7 38. Ke2 cxb4 39. axb4 Ne5) 36. g4 c5 37. Ng2 (37. gxf5 $17 gxf5 38. Bb3) 37... fxg4 38. hxg4 Ke7 39. Kh2 (39. bxc5 $17 Nxc5 40. Nf4) 39... cxb4 $19 40. axb4 a5 41. bxa5 bxa5 42. Nh4 $2 (42. Nf4) 42... Kd6 43. Kg3 Kc5 44. f4 exf3 45. Nxf3 Bxf3 46. Kxf3 Kxc4 {KB-KN} 47. Ke4 Kc3 {Black mates.} 48. Bd1 Kd2 49. Bb3 Nc5+ {[%mdl 64] [#] Double Attack} 50. Kd5 Nxb3 51. e4 Kc3 {Accuracy: White = 37%, Black = 61%.} 0-1

[Event "28th WSCC Open 50 2018"]
[Site "Bled"]
[Date "2018.11.25"]
[Round "7"]
[White "Movsziszian, Karen"]
[Black "Prie, Eric"]
[Result "1/2-1/2"]
[WhiteElo "2513"]
[BlackElo "2482"]
[Annotator "TA"]
[PlyCount "138"]
[EventDate "2018.11.17"]
[EventType "swiss"]
[EventCountry "SLO"]
[SourceTitle "playchess.com"]
[Source "ChessBase"]
[SourceQuality "1"]

{[%evp 15,138,-4,13,0,0,0,4,-8,0,-11,14,22,18,16,9,0,0,0,74,66,123,89,199,208,200,197,203,213,183,178,350,352,344,344,330,159,174,162,256,270,276,275,361,354,361,347,503,433,510,502,505,494,489,479,593,572,575,527,659,688,897,866,1066,1030,996,975,931,926,914,901,878,863,29946,8839,5060,211,211,206,201,195,201,201,193,0,0,0,0,0,0,0,0,0,0,0,0,0,0,0,0,0,0,0,0,0,982,950,602,306,314,306,1014,122,870,692,29974,29976,29981,29982,29982,29981,29983,29984,29988,29989,29989]} 1. g3 d5 2. Nf3 Bg4 3. Bg2 Nd7 {[%cal Bb8d7,Bd7c5,Bc5e6,Be6g5][%mdl 32]} 4. c4 e6 5. cxd5 exd5 6. Qb3 {A07: Réti Opening: New York and Capablanca Systems} (6. O-O Ngf6 7. d3 Bd6 8. Nc3 c6 9. h3 Bh5 10. e4 O-O 11. g4 Bg6 12. Nh4 Nxe4 13. dxe4 Qxh4 14. exd5 c5 15. Nb5 Bb8 16. d6 a6 {½-½ (46) Oparin,G (2616)-Shirov,A (2673) Moscow 2016}) 6... Nc5 7. Qc2 Nf6 8. O-O Bd6 {LiveBook: 3 Games} 9. b4 Ne6 $146 ({Predecessor:} 9... Ncd7 10. b5 O-O 11. Bb2 Re8 12. d3 a6 13. a4 axb5 14. axb5 Rxa1 15. Bxa1 {0-1 (41) Bezgodova,S (2268)-Chasovnikova,E (2185) Elista 2000}) 10. Bb2 O-O 11. a3 Re8 12. d3 (12. e3 {seems wilder.} c6 13. Nc3 Bh5 14. d3 Nd7 15. Nh4) 12... Bxf3 13. Bxf3 c6 14. Nd2 Ng5 15. Bg2 Rxe2 16. h4 Ng4 (16... Bxg3 $11 {remains equal.} 17. fxg3 (17. hxg5 Ng4 $17) 17... Ng4) 17. Qd1 $36 {[%mdl 2048] White has the initiative.} Qe7 (17... Rxf2 $1 $14 18. Rxf2 Nxf2 19. Kxf2 Qb6+ 20. d4 Ne6) 18. Bd4 Re8 (18... Rxd2 $16 19. Qxd2 Ne6) 19. hxg5 $18 Qxg5 20. Nf3 Qh5 21. Re1 Rxe1+ 22. Nxe1 Bxg3 $2 (22... Be5 23. Nf3 Bxd4 24. Nxd4 Qh2+ 25. Kf1 Qh5) 23. fxg3 Qh2+ 24. Kf1 Qxg3 25. Bg1 (25. Bxa7 $2 Nh2+ 26. Kg1 Rxe1+ 27. Qxe1 Nf3+ 28. Kf1 Nxe1 $19) (25. Nf3 $18 {and the rest is easy.}) 25... Re6 $16 26. Nf3 h5 (26... Rf6 {was worth a try.} 27. Ra2 g5) 27. Ra2 $18 {[%cal Ba1a2,Ba2e2,Be2e8][%mdl 32]} (27. Bxa7 Rf6 $16) 27... h4 28. Bf2 $1 {[%cal Rf2g3]} ({Less strong is} 28. Bxa7 h3 $16) 28... Qf4 29. Re2 ({Weaker is} 29. Bxa7 d4 $16) 29... h3 30. Bh1 ({Worse is} 30. Bxh3 Qxf3 31. Bxg4 Qxg4 $11) 30... Rg6 (30... Nh2+ $142 31. Nxh2 Qxh2) 31. Re8+ Kh7 {Now ...Rf6 and Black clings on.} 32. Qd2 Qf6 33. Bd4 Qf5 34. Ke2 {[%cal Bf1e2,Be2d1,Bd1d2,Bd2e3][%mdl 32]} f6 35. Kd1 Qd7 36. Qe1 c5 37. bxc5 Qa4+ 38. Kd2 Qxa3 39. Qh4+ Nh6 40. Qxh3 Qa2+ 41. Ke3 Rg4 42. Qh5 Qc2 43. Qxd5 Kg6 {[#]} 44. Ne5+ $1 fxe5 45. Be4+ $2 (45. Re6+ Kh5 46. Rxe5+ g5 47. Bf3) 45... Rxe4+ 46. Qxe4+ Nf5+ 47. Kf3 {Threatening mate with Re6+.} Qd1+ 48. Kg2 {Intending Re6+ and mate.} exd4 {[%mdl 4096] Endgame KQR-KQN} 49. Qe2 $2 (49. Rf8 $1 $18 Qd2+ 50. Kf3 Qd1+ 51. Qe2 Qh1+ 52. Qg2+ Qxg2+ 53. Kxg2) 49... Qc1 $1 $11 50. Qg4+ Kf7 {Hoping for ...Ne3+.} 51. Qxf5+ Kxe8 {KQ-KQ} 52. Qc8+ Ke7 {White must now prevent ...Qd2+.} 53. Qxb7+ {[%mdl 64] Double Attack} Kf6 54. Qc6+ Kg5 55. Qd5+ {[%mdl 64] Double Attack} Kg6 56. Qe6+ Kg5 57. Qe5+ Kg6 58. Qe4+ Kg5 59. Qxd4 a5 $2 {[%mdl 8192]} (59... Qd2+ $11 60. Kh3 Kf5) 60. Qxg7+ $18 Kf5 {[#]} 61. Qf7+ $1 Kg5 62. Qd5+ Kf4 $2 (62... Kf6 63. c6 Qd2+ 64. Kf3 Qd1+ 65. Ke3 Qg1+ 66. Kd2 Qf2+ 67. Kc3 Qe1+ 68. Kd4 Qh4+ 69. Qe4 Qg3) 63. Qe4+ Kg5 {[#]} 64. c6 $1 {[%cal Bc5c6,Bc6c7][%mdl 32]} Qc2+ 65. Kg3 {White mates.} a4 66. Qe5+ Kg6 67. Qd6+ Kf5 68. c7 a3 69. Qd7+ Ke5 {[%mdl 32768] Accuracy: White = 70%, Black = 43%. . An unexpected result.} 1/2-1/2

[Event "28th WSCC Open 50 2018"]
[Site "Bled"]
[Date "2018.11.25"]
[Round "7"]
[White "Danielsen, Henrik"]
[Black "Sturua, Zurab"]
[Result "1/2-1/2"]
[WhiteElo "2504"]
[BlackElo "2529"]
[Annotator "TA"]
[PlyCount "48"]
[EventDate "2018.11.17"]
[EventType "swiss"]
[EventCountry "SLO"]
[SourceTitle "playchess.com"]
[Source "ChessBase"]
[SourceQuality "1"]

{[%evp 30,31,2,5]} 1. g3 d5 2. Nf3 Nf6 3. Bg2 g6 4. O-O Bg7 5. c4 c6 6. cxd5 cxd5 7. d4 O-O 8. Nc3 Ne4 9. Nxe4 dxe4 10. Ne5 Qd5 11. Be3 Nd7 {D79: Fianchetto Grünfeld: Symmetrical Variation (6 0-0 c6 7 cxd5 cxd5)} 12. Qc2 Nxe5 13. Bxe4 Qc4 14. dxe5 Qxc2 15. Bxc2 Bxe5 16. Be4 {[#] LiveBook: 3 Games} {Predecessor:} Bf5 $146 17. Bxf5 gxf5 18. Rac1 Rfc8 19. b3 Kg7 20. Kg2 a6 21. f4 Bd6 22. Rxc8 Rxc8 23. Rc1 Rxc1 24. Bxc1 Kf6 {½-½ (24) Kunin,V (2567)-Sumets,A (2632) Sables d'Olonne 2014} 1/2-1/2

[Event "28th WSCC Open 50 2018"]
[Site "Bled"]
[Date "2018.11.25"]
[Round "7"]
[White "Soffer, Ram"]
[Black "Ernst, Michael"]
[Result "1-0"]
[WhiteElo "2472"]
[BlackElo "2197"]
[Annotator "RC"]
[PlyCount "71"]
[EventDate "2018.11.17"]
[EventType "swiss"]
[EventCountry "SLO"]
[SourceTitle "playchess.com"]
[Source "ChessBase"]
[SourceQuality "1"]
[TimeControl "40/5400+30:1800+30"]

1. c4 {[%emt 0:00:00]} e6 {[%emt 0:00:00]} 2. Nf3 {[%emt 0:00:05]} Nf6 {[%emt 0:00:02]} 3. g3 {[%emt 0:00:17]} d5 {[%emt 0:00:06]} 4. Bg2 {[%emt 0:00:06]} dxc4 {[%emt 0:00:13]} 5. O-O {[%emt 0:00:05]} Nbd7 {[%emt 0:00:36]} 6. Qc2 {[%emt 0:00:13]} a6 {[%emt 0:00:28]} 7. a4 {[%emt 0:01:03]} Be7 {[%emt 0:04:45]} 8. Na3 {[%emt 0:03:06]} O-O {[%emt 0:00:45]} 9. Nxc4 {[%emt 0:00:20]} Nd5 {[%emt 0:01:56]} 10. d4 {[%emt 0:03:33]} c5 {[%emt 0:07:00]} 11. Rd1 {[%emt 0:02:29]} Qc7 {[%emt 0:03:37]} 12. e4 {[%emt 0:07:27]} Nb4 {[%emt 0:00:31]} 13. Qb3 {[%emt 0:00:59]} cxd4 {[%emt 0:03:41]} 14. Bf4 {[%emt 0:00:46]} Qc5 {[%emt 0:04:04]} 15. Rac1 {[%emt 0:07:44]} d3 {[%emt 0:06:31]} 16. Ne1 {[%emt 0:09:53]} Qa7 {[%emt 0:03:58]} 17. Nxd3 {[%emt 0:05:07]} Nxd3 {[%emt 0:00:53]} 18. Qxd3 {[%emt 0:00:03]} Nc5 {[%emt 0:01:34]} 19. Qa3 {[%emt 0:04:54]} b5 {[%emt 0:06:43]} 20. axb5 {[%emt 0:00:20]} axb5 {[%emt 0:00:20]} 21. Qxa7 {[%emt 0:00:27]} Rxa7 {[%emt 0:00:02]} 22. Nd6 {[%emt 0:00:07]} e5 {[%emt 0:11:40]} 23. Bxe5 {[%emt 0:07:45]} Bg4 {[%emt 0:01:36]} 24. f3 {[%emt 0:02:37]} Nd7 {[%emt 0:08:10]} 25. Bd4 {[%emt 0:03:10]} Raa8 {[%emt 0:02:20]} 26. Nxb5 {[%emt 0:10:42]} Be6 {[%emt 0:01:06]} 27. Nc7 {[%emt 0:00:26]} Rad8 {[%emt 0:01:34]} 28. Nxe6 {[%emt 0:01:01]} fxe6 {[%emt 0:00:09]} 29. Bc3 {[%emt 0:05:07]} Nc5 {[%emt 0:01:41]} 30. Rxd8 {[%emt 0:01:03]} Rxd8 {[%emt 0:00:18]} 31. Bb4 {[%emt 0:01:59]} Rc8 {[%emt 0:00:06]} 32. Ba3 {[%emt 0:02:04]} Kf7 {[%emt 0:01:23]} 33. Bf1 {[%emt 0:01:35]} g5 {[%emt 0:01:00]} 34. b4 {[%emt 0:00:31]} Ra8 {[%emt 0:00:02]} 35. bxc5 {[%emt 0:00:12]} Rxa3 {[%emt 0:00:03]} 36. c6 {[%emt 0:00:03]} 1-0

[Event "28th WSCC Open 50 2018"]
[Site "Bled"]
[Date "2018.11.25"]
[Round "7"]
[White "Vareille, Francois"]
[Black "Cummings, David H."]
[Result "1/2-1/2"]
[WhiteElo "2432"]
[BlackElo "2331"]
[Annotator "TA"]
[PlyCount "53"]
[EventDate "2018.11.17"]
[EventType "swiss"]
[EventCountry "SLO"]
[SourceTitle "playchess.com"]
[Source "ChessBase"]
[SourceQuality "1"]

{[%evp 25,53,18,34,0,0,0,0,0,0,0,0,-12,-11,-20,-16,-12,-23,-38,-16,-30,-34,-21,-12,-13,-9,-21,-15,-30,-28,-46]} 1. d4 d5 2. c4 e6 3. Nc3 Nf6 4. cxd5 exd5 5. Bg5 c6 6. Qc2 Be7 7. e3 Nbd7 8. Bd3 h6 9. Bh4 Nh5 10. Bxe7 Qxe7 11. Nge2 Nb6 12. O-O-O {D36: Queen's Gambit Declined: Exchange Variation: Main line (5 Bg5 c6 6 Qc2)} (12. O-O O-O 13. Rae1 Be6 14. Nc1 Rad8 15. Nb3 Rfe8 16. Nc5 Bc8 17. b4 Nc4 18. Qe2 Qg5 19. f4 Qh4 20. Bxc4 dxc4 {0-1 (37) Navara,D (2724)-Adams,M (2740) Biel 2015}) 12... Bd7 13. Kb1 O-O-O {LiveBook: 8 Games} 14. Ka1 {White is slightly better.} Kb8 15. h3 g6 $146 ({Predecessor:} 15... Rhe8 16. Rhe1 Nf6 17. Nc1 Qd6 18. Nb3 Be6 19. f3 Nbd7 {1-0 (30) Petrisor,A (2405)-Salim,R (1957) Targu Mures 2014}) 16. Na4 Nxa4 17. Qxa4 Nf6 18. Rhe1 Rhe8 19. Qa5 Ne4 20. Bxe4 Qxe4 21. Nf4 Bc8 22. f3 Qe7 23. Rc1 g5 24. Nd3 f6 25. Qd2 Qd6 26. Qf2 Re7 27. a3 {Accuracy: White = 30%, Black = 63%.} 1/2-1/2

[Event "28th WSCC Open 50 2018"]
[Site "Bled"]
[Date "2018.11.25"]
[Round "7"]
[White "Kalegin, Evgenij"]
[Black "Metz, Hartmut"]
[Result "1-0"]
[WhiteElo "2413"]
[BlackElo "2296"]
[Annotator "RC"]
[PlyCount "147"]
[EventDate "2018.11.17"]
[EventType "swiss"]
[EventCountry "SLO"]
[SourceTitle "playchess.com"]
[Source "ChessBase"]
[SourceQuality "1"]
[TimeControl "40/5400+30:1800+30"]

1. e4 {[%emt 0:00:00]} c6 {[%emt 0:00:00]} 2. d4 {[%emt 0:00:00]} d5 {[%emt 0:00:00]} 3. Nc3 {[%emt 0:00:04]} dxe4 {[%emt 0:00:00]} 4. Nxe4 {[%emt 0:00:07]} Nf6 {[%emt 0:00:00]} 5. Nxf6+ {[%emt 0:00:20]} gxf6 {[%emt 0:00:03]} 6. c3 {[%emt 0:00:10]} Qc7 {[%emt 0:00:03]} 7. Qh5 {[%emt 0:05:45]} Be6 {[%emt 0:01:51]} 8. Ne2 {[%emt 0:04:56]} Qd7 {[%emt 0:13:12]} 9. Nf4 {[%emt 0:01:23]} Bf5 {[%emt 0:06:03]} 10. Bc4 {[%emt 0:06:47]} e6 {[%emt 0:00:46]} 11. O-O {[%emt 0:01:02]} Na6 {[%emt 0:10:43]} 12. Bxa6 {[%emt 0:02:59]} bxa6 {[%emt 0:00:02]} 13. Qe2 {[%emt 0:00:15]} Rg8 {[%emt 0:11:23]} 14. Qxa6 {[%emt 0:01:50]} Bd6 {[%emt 0:01:11]} 15. Nh5 {[%emt 0:03:25]} Be7 {[%emt 0:09:27]} 16. Bh6 {[%emt 0:03:54]} Bg6 {[%emt 0:10:56]} 17. Ng3 {[%emt 0:14:04]} Bd6 {[%emt 0:03:49]} 18. Rfe1 {[%emt 0:04:03]} Qc8 {[%emt 0:06:22]} 19. Qe2 {[%emt 0:01:14]} Qc7 {[%emt 0:00:16]} 20. Qf3 {[%emt 0:02:00]} f5 {[%emt 0:11:35]} 21. d5 {[%emt 0:01:09]} cxd5 {[%emt 0:01:41]} 22. Qxd5 {[%emt 0:00:53]} O-O-O {[%emt 0:00:14]} 23. Qa8+ {[%emt 0:00:28]} Qb8 {[%emt 0:00:11]} 24. Qf3 {[%emt 0:01:10]} Qb7 {[%emt 0:00:24]} 25. Qxb7+ {[%emt 0:03:36]} Kxb7 {[%emt 0:00:01]} 26. Bg5 {[%emt 0:00:46]} Rd7 {[%emt 0:07:08]} 27. Rad1 {[%emt 0:01:24]} Kc7 {[%emt 0:02:27]} 28. Bf6 {[%emt 0:07:13]} Rb8 {[%emt 0:02:28]} 29. b4 {[%emt 0:01:17]} a5 {[%emt 0:00:53]} 30. a3 {[%emt 0:01:02]} axb4 {[%emt 0:00:48]} 31. axb4 {[%emt 0:00:57]} Bxg3 {[%emt 0:00:42]} 32. hxg3 {[%emt 0:00:22]} Rxd1 {[%emt 0:00:35]} 33. Rxd1 {[%emt 0:00:08]} Rb5 {[%emt 0:00:05]} 34. Bd4 {[%emt 0:05:02]} Bh5 {[%emt 0:00:22]} 35. f3 {[%emt 0:02:16]} e5 {[%emt 0:00:24]} 36. Bc5 {[%emt 0:00:08]} e4 {[%emt 0:00:10]} 37. Kf2 {[%emt 0:00:13]} Rb7 {[%emt 0:00:36]} 38. c4 {[%emt 0:00:45]} Kc8 {[%emt 0:00:06]} 39. Rd5 {[%emt 0:02:28]} Bg6 {[%emt 0:00:43]} 40. Ke3 {[%emt 0:00:00]} Rd7 {[%emt 0:00:00]} 41. Bd6 {[%emt 0:13:08]} Ra7 {[%emt 0:01:03]} 42. b5 {[%emt 0:00:09]} Ra2 {[%emt 0:04:52]} 43. c5 {[%emt 0:02:00]} Rxg2 {[%emt 0:00:27]} 44. c6 {[%emt 0:04:32]} Rb2 {[%emt 0:01:34]} 45. fxe4 {[%emt 0:03:11]} fxe4 {[%emt 0:00:15]} 46. Bf4 {[%emt 0:00:52]} f6 {[%emt 0:01:04]} 47. Kd4 {[%emt 0:01:53]} Rb3 {[%emt 0:02:25]} 48. Kc5 {[%emt 0:00:51]} Rc3+ {[%emt 0:08:08]} 49. Kb4 {[%emt 0:02:05]} Rc2 {[%emt 0:01:37]} 50. c7 {[%emt 0:01:50]} Kb7 {[%emt 0:04:30]} 51. Rd8 {[%emt 0:00:15]} Rxc7 {[%emt 0:00:30]} 52. Bxc7 {[%emt 0:00:05]} Kxc7 {[%emt 0:00:03]} 53. Rd1 {[%emt 0:00:16]} Bh5 {[%emt 0:02:19]} 54. Rh1 {[%emt 0:02:53]} Bg6 {[%emt 0:03:15]} 55. Kc5 {[%emt 0:00:18]} h5 {[%emt 0:02:47]} 56. b6+ {[%emt 0:01:02]} Kc8 {[%emt 0:02:56]} 57. Ra1 {[%emt 0:00:23]} Bf5 {[%emt 0:02:28]} 58. Ra8+ {[%emt 0:02:20]} Kb7 {[%emt 0:00:20]} 59. Ra7+ {[%emt 0:00:12]} Kb8 {[%emt 0:00:43]} 60. Re7 {[%emt 0:00:18]} e3 {[%emt 0:00:28]} 61. Rxe3 {[%emt 0:00:13]} Bg4 {[%emt 0:00:16]} 62. Re8+ {[%emt 0:00:23]} Kb7 {[%emt 0:00:11]} 63. Re7+ {[%emt 0:00:52]} Kb8 {[%emt 0:00:17]} 64. b7 {[%emt 0:02:24]} Ka7 {[%emt 0:00:15]} 65. Kc6 {[%emt 0:00:12]} Bf3+ {[%emt 0:00:41]} 66. Kc7 {[%emt 0:00:07]} Bxb7 {[%emt 0:00:16]} 67. Re1 {[%emt 0:00:06]} Ba6 {[%emt 0:00:32]} 68. Ra1 {[%emt 0:00:08]} f5 {[%emt 0:00:50]} 69. Ra2 {[%emt 0:00:19]} h4 {[%emt 0:00:45]} 70. gxh4 {[%emt 0:00:06]} f4 {[%emt 0:00:04]} 71. h5 {[%emt 0:00:12]} f3 {[%emt 0:00:03]} 72. h6 {[%emt 0:00:09]} f2 {[%emt 0:00:33]} 73. Rxf2 {[%emt 0:00:06]} Bc4 {[%emt 0:00:06]} 74. h7 {[%emt 0:00:09]} 1-0

[Event "28th WSCC Open 50 2018"]
[Site "Bled"]
[Date "2018.11.25"]
[Round "7"]
[White "Van der Werf, Mark"]
[Black "Bischoff, Klaus"]
[Result "1/2-1/2"]
[WhiteElo "2402"]
[BlackElo "2507"]
[Annotator "TA"]
[PlyCount "97"]
[EventDate "2018.11.17"]
[EventType "swiss"]
[EventCountry "SLO"]
[SourceTitle "playchess.com"]
[Source "ChessBase"]
[SourceQuality "1"]

{[%evp 21,97,57,63,10,57,45,46,45,79,87,91,95,96,87,113,111,111,98,104,104,105,114,95,72,90,43,30,23,135,135,135,135,129,129,156,156,156,156,156,156,156,156,169,170,164,162,166,166,172,170,162,86,89,99,504,447,384,387,483,210,217,233,276,174,161,170,314,0,0,0,0,0,0,0,0,0,0,0]} 1. d4 Nf6 2. c4 e6 3. Nc3 Bb4 4. e3 c5 5. Nge2 cxd4 6. exd4 O-O 7. a3 Be7 8. Nf4 d6 9. Be2 Nbd7 {E42: Nimzo-Indian: Rubinstein: 4...c5 5 Ne2} (9... e5 10. Nfd5 Nxd5 11. Nxd5 Nc6 12. dxe5 dxe5 13. O-O Bg5 14. f4 exf4 15. Bxf4 Bxf4 16. Rxf4 Be6 17. Qd2 Bxd5 18. cxd5 {½-½ (35) Werle,J (2534)-Nisipeanu,L (2678) Germany 2016}) 10. O-O a6 11. Be3 Qc7 {LiveBook: 9 Games. White is slightly better.} 12. b4 (12. Rc1 $14) 12... b6 (12... b5 $5) 13. Qb3 Bb7 14. Rac1 Ne4 $146 ({Predecessor:} 14... Rac8 15. Rfd1 Qb8 16. d5 e5 17. Nd3 {1-0 (35) Cebalo,M (2485)-Spiridonov,N (2445) Opatija 1984}) 15. Nxe4 Bxe4 {[#]} 16. c5 $1 {[%mdl 512]} d5 (16... bxc5 17. Nxe6) 17. f3 Bg6 18. Nxg6 hxg6 19. Qc3 Rfc8 20. Qd2 Qb7 21. Rfd1 Nb8 22. a4 {[%cal Ba3a4,Ba4b5][%mdl 32]} Nc6 23. b5 axb5 24. axb5 Na5 (24... Nxd4 $1 $11 {keeps the balance.} 25. Bxd4 bxc5) 25. c6 $16 Qc7 26. Bf4 Qd8 27. Qc3 g5 28. Bg3 g6 29. Qe3 Bf6 30. Be5 Qe7 31. Rf1 Bg7 32. Bxg7 Kxg7 33. f4 gxf4 34. Rxf4 Rh8 35. Rcf1 f5 36. Qe5+ (36. Re1 $18) 36... Qf6 37. Qc7+ Kh6 $2 {[%mdl 8192]} (37... Qf7 $16 38. Qxb6 Nb3) 38. Qxb6 Nb3 {[%cal Ba5b3,Bb3d2,Bd2e4][%mdl 32]} 39. c7 Kg7 40. Bd1 (40. Rd1 $142) 40... Nd2 $18 41. Qc5 g5 42. R4f2 Ne4 {[#]} 43. Qb4 $1 {And now Rc2 would win.} g4 {[#]} (43... Nxf2 {was worth a try.} 44. Rxf2 Ra1) 44. Rc2 $2 (44. b6 $2 g3 $19) (44. Rf4 $1 $18) 44... Rxh2 $1 $11 {( -> ...Rah8). The position is equal.} ({But not} 44... Qh4 $2 45. g3 $18) 45. c8=Q (45. Kxh2 $2 {perishes.} Qh4+ 46. Kg1 Rh8 $19) 45... Rxc8 46. Rxc8 Rh1+ $1 {[%mdl 64] Decoy} 47. Kxh1 Qh6+ $1 48. Kg1 {Threatening mate with Qe7+.} Qe3+ 49. Kh1 $1 {Accuracy: White = 70%, Black = 55%.} (49. Kh2 {gets mated.} g3+ 50. Kh1 Qh6+ 51. Bh5 Qxh5+ 52. Kg1 Qh2#) 1/2-1/2

[Event "28th WSCC Open 50 2018"]
[Site "Bled"]
[Date "2018.11.25"]
[Round "7"]
[White "Arakhamia-Grant, Ketevan"]
[Black "Bagaturov, Giorgi"]
[Result "0-1"]
[WhiteElo "2373"]
[BlackElo "2417"]
[Annotator "ChessBase"]
[PlyCount "146"]
[EventDate "2018.11.17"]
[EventType "swiss"]
[EventCountry "SLO"]
[SourceTitle "playchess.com"]
[Source "ChessBase"]
[SourceQuality "1"]
[TimeControl "40/5400+30:1800+30"]

1. e4 {[%emt 0:00:00]} g6 {[%emt 0:00:00]} 2. d4 {[%emt 0:00:00]} Bg7 {[%emt 0:00:00]} 3. Nc3 {[%emt 0:00:36]} d6 {[%emt 0:00:21]} 4. Be3 {[%emt 0:00:52]} a6 {[%emt 0:00:38]} 5. Qd2 {[%emt 0:02:37]} b5 {[%emt 0:01:30]} 6. f3 {[%emt 0:00:12]} Bb7 {[%emt 0:03:45]} 7. h4 {[%emt 0:00:43]} h5 {[%emt 0:00:44]} 8. Nh3 {[%emt 0:01:36]} Nd7 {[%emt 0:01:36]} 9. Ng5 {[%emt 0:01:33]} Rc8 {[%emt 0:18:25]} 10. a4 {[%emt 0:07:03]} c6 {[%emt 0:01:38]} 11. Be2 {[%emt 0:10:22]} Ngf6 {[%emt 0:01:19]} 12. f4 {[%emt 0:19:06]} e5 {[%emt 0:13:35]} 13. dxe5 {[%emt 0:01:00]} dxe5 {[%emt 0:00:09]} 14. f5 {[%emt 0:00:09]} Qe7 {[%emt 0:10:25]} 15. O-O {[%emt 0:26:25]} O-O {[%emt 0:18:45]} 16. Nd1 {[%emt 0:02:01]} gxf5 {[%emt 0:07:31]} 17. Rxf5 {[%emt 0:01:03]} Rfd8 {[%emt 0:04:57]} 18. Qe1 {[%emt 0:01:20]} Nf8 {[%emt 0:00:41]} 19. Nf2 {[%emt 0:05:29]} Ng6 {[%emt 0:02:20]} 20. Nd3 {[%emt 0:01:50]} c5 {[%emt 0:00:36]} 21. axb5 {[%emt 0:02:35]} axb5 {[%emt 0:00:17]} 22. Ra7 {[%emt 0:00:55]} c4 {[%emt 0:00:34]} 23. Nb4 {[%emt 0:00:46]} Rd7 {[%emt 0:01:50]} 24. g3 {[%emt 0:03:59]} Rf8 {[%emt 0:01:42]} 25. Bf3 {[%emt 0:00:54]} Qd6 {[%emt 0:01:05]} 26. Nh3 {[%emt 0:06:02]} Bc8 {[%emt 0:01:32]} 27. Ra5 {[%emt 0:01:43]} Rdd8 {[%emt 0:01:48]} 28. Rxb5 {[%emt 0:01:49]} Bxf5 {[%emt 0:00:42]} 29. exf5 {[%emt 0:00:04]} Ne7 {[%emt 0:01:40]} 30. Bc5 {[%emt 0:01:06]} Qd7 {[%emt 0:00:56]} 31. Rb7 {[%emt 0:00:16]} Qxf5 {[%emt 0:00:05]} 32. Ng5 {[%emt 0:01:10]} e4 {[%emt 0:02:19]} 33. Bxe7 {[%emt 0:00:29]} exf3 {[%emt 0:00:15]} 34. Bxd8 {[%emt 0:00:24]} Rxd8 {[%emt 0:00:58]} 35. Qf1 {[%emt 0:00:41]} Qc5+ {[%emt 0:01:03]} 36. Kh1 {[%emt 0:00:07]} f2 {[%emt 0:00:26]} 37. c3 {[%emt 0:00:19]} Qc8 {[%emt 0:01:02]} 38. Rxf7 {[%emt 0:00:50]} Ng4 {[%emt 0:01:00]} 39. Rf3 {[%emt 0:00:40]} Re8 {[%emt 0:00:27]} 40. Rxf2 {[%emt 0:00:00]} Nxf2+ {[%emt 0:00:00]} 41. Qxf2 {[%emt 0:00:46]} Rf8 {[%emt 0:00:49]} 42. Qe2 {[%emt 0:06:36]} Qg4 {[%emt 0:02:14]} 43. Qxg4 {[%emt 0:03:21]} hxg4 {[%emt 0:00:04]} 44. Kg2 {[%emt 0:00:27]} Re8 {[%emt 0:01:28]} 45. Kf2 {[%emt 0:01:13]} Bf8 {[%emt 0:03:49]} 46. Nd5 {[%emt 0:06:54]} Bc5+ {[%emt 0:01:06]} 47. Kf1 {[%emt 0:02:16]} Rf8+ {[%emt 0:03:24]} 48. Ke2 {[%emt 0:01:41]} Rf2+ {[%emt 0:08:26]} 49. Ke1 {[%emt 0:00:27]} Rf5 {[%emt 0:01:41]} 50. Nf4 {[%emt 0:06:21]} Be3 {[%emt 0:03:04]} 51. Nge6 {[%emt 0:03:22]} Re5 {[%emt 0:01:26]} 52. Kf1 {[%emt 0:01:17]} Kf7 {[%emt 0:01:27]} 53. Nd8+ {[%emt 0:02:17]} Kf6 {[%emt 0:02:46]} 54. Ne2 {[%emt 0:00:26]} Rf5+ {[%emt 0:00:41]} 55. Nf4 {[%emt 0:00:34]} Bxf4 {[%emt 0:00:36]} 56. gxf4 {[%emt 0:00:02]} Rxf4+ {[%emt 0:00:36]} 57. Kg2 {[%emt 0:00:03]} Re4 {[%emt 0:01:07]} 58. Nb7 {[%emt 0:01:24]} Re6 {[%emt 0:02:54]} 59. Kg3 {[%emt 0:00:39]} Kf5 {[%emt 0:00:26]} 60. Na5 {[%emt 0:00:23]} Re3+ {[%emt 0:00:20]} 61. Kf2 {[%emt 0:00:18]} Re4 {[%emt 0:01:58]} 62. Kg3 {[%emt 0:00:04]} Kg6 {[%emt 0:00:29]} 63. Nc6 {[%emt 0:00:11]} Kh5 {[%emt 0:00:34]} 64. Na5 {[%emt 0:00:57]} Re3+ {[%emt 0:00:33]} 65. Kf2 {[%emt 0:00:06]} Rf3+ {[%emt 0:00:46]} 66. Kg2 {[%emt 0:00:10]} Rd3 {[%emt 0:00:16]} 67. Nxc4 {[%emt 0:00:19]} Kxh4 {[%emt 0:00:05]} 68. Kh2 {[%emt 0:00:32]} Rd1 {[%emt 0:00:23]} 69. Kg2 {[%emt 0:01:30]} g3 {[%emt 0:00:41]} 70. Ne3 {[%emt 0:01:00]} Rd2+ {[%emt 0:00:15]} 71. Kf3 {[%emt 0:00:22]} Rd3 {[%emt 0:00:15]} 72. Ke2 {[%emt 0:00:30]} Rxe3+ {[%emt 0:00:08]} 73. Kxe3 {[%emt 0:00:04]} Kh3 {[%emt 0:00:05]} 0-1